|
|
|
|
| LEADER |
00000nab a2200000 a 4500 |
| 001 |
vtls000435615 |
| 003 |
SK-MaSNL |
| 005 |
20260304015920.0 |
| 008 |
120925c1991 xo 0 slo |
| 015 |
|
|
|a SNBRB19rr/mm-uuuuu
|
| 035 |
|
|
|a CL0435743
|
| 040 |
|
|
|a SNKBUCL
|b slo
|c SNKBUCL
|e AACR2
|
| 041 |
0 |
|
|a slo
|
| 044 |
|
|
|a xo
|c SK
|
| 080 |
|
|
|a 328.1 (437.6)
|2 1981
|
| 100 |
1 |
|
|a Habán, Oto
|4 aut
|9 10751
|
| 245 |
1 |
0 |
|a Včera bez senzácii, o štátnej zmluve v piatok
|b Predsedníctvo SNR varí pod pokrievkou
|c Oto Habán
|
| 610 |
1 |
7 |
|a Slovensko (Československo).
|b Slovenská národná rada
|2 SNKKA
|9 34638
|
| 651 |
|
7 |
|a 5100
|2 snkbucl
|9 166206
|
| 655 |
|
7 |
|a články z novín a časopisov
|2 snkbucl
|9 267496
|
| 773 |
0 |
|
|t Verejnosť
|g Roč. 2, č. 278 (27. 11. 1991), s. 1
|
| 850 |
|
|
|a Slovenská národná knižnica v Martine
|a MTA001
|
| 852 |
|
|
|a SNK
|b KIS3GCP
|
| 958 |
|
|
|a RK
|
| 992 |
|
|
|a RBX
|
| 999 |
|
|
|c 2595435
|d 2597365
|